Normal view
MARC view
Entry Personal Name
001 - CONTROL NUMBER
- control field: 54964
003 - CONTROL NUMBER IDENTIFIER
- control field: OSt
005 - DATE AND TIME OF LATEST TRANSACTION
- control field: 20241009134308.0
008 - FIXED-LENGTH DATA ELEMENTS
- fixed length control field: 241009|| aca||aabn | a|a d
040 ## - CATALOGING SOURCE
- Original cataloging agency: OSt
- Transcribing agency: OSt
100 ## - HEADING--PERSONAL NAME
- Personal name: စိန်ဝင်း၊ ဦး၊ ဥတ္တရဘုမ္မာ
670 ## - SOURCE DATA FOUND
- Source citation: Work cat.: (OSt): စိန်ဝင်း၊ ဦး၊ ဥတ္တရဘုမ္မာ, နတ် (၃၇) ပါးပသနည်းနှင့် တောင်ပြုံးပွဲ ရတနာ့ဂူပွဲ နတ်သမိုင်း /, ၁၉၉၃။